| 000 | 00505nam a22001937a 4500 | ||
|---|---|---|---|
| 003 | MPLRDC | ||
| 005 | 20220104143535.0 | ||
| 008 | 210129b ||||| |||| 00| 0 eng d | ||
| 020 | _a957-529-661-3 | ||
| 082 | _a178.8 GRD | ||
| 100 | _a约翰. 葛瑞德, 理查.班德勒 | ||
| 245 |
_a青蛙变王子 _c陈威伸总审订 |
||
| 250 | _a初版一刷 | ||
| 260 |
_a _b世茂出版社 _c1997 |
||
| 300 | _b平 | ||
| 490 | _a激发潜能系列. 18 | ||
| 650 | _a心理疗法 | ||
| 942 |
_cBK _o178.8 GRD |
||
| 999 |
_c40914 _d40904 |
||